| 000 -ლიდერი |
| ფიქსირებული სიგრძის საკონტროლო ველი |
02478nam a2200337Ia 4500 |
| 001 - საკონტროლო ნომერი |
| საკონტროლო ველი |
22035 |
| 003 - საკონტროლო ნომრის იდენტიფიკატორი |
| საკონტროლო ველი |
GE_BSU |
| 005 - ბოლო ოპერაციის თარიღი და დრო |
| საკონტროლო ველი |
20220928165412.0 |
| 008 - ფიქსირებული სიგრძის მონაცემთა ელემენტები - ზოგადი ინფორმაცია |
| ფიქსირებული სიგრძის საკონტროლო ველი |
181216s2007||||ge |||||||||||||| || || |
| 020 ## - წიგნის საერთაშორისო სტანდარტული ნომერი |
| International Standard Book Number |
9994025813 |
| 040 ## - კატალოგიზაციის წყარო |
| Transcribing agency |
GE_BSU |
| 041 ## - ენის კოდი |
| Language code of text/sound track or separate title |
geo |
| 080 ## - უნივერსალური ათობითი კლასიფიკაციის ინდექსი |
| Universal Decimal Classification number |
821.353.1.02(რომანტიზმი) ჩ-82 |
| 100 ## - მთავარი ჩანაწერი - პიროვნების სახელი |
| Personal name |
ჩოხარაძე, მალხაზ |
| 9 (RLIN) |
14887 |
| 245 ## - ცნობა სათაურის შესახებ |
| Title |
ქართველი რომანტიკოსების შემოქმედება : |
| Remainder of title |
აბიტურიენტის სახელმძღვ. ერთიანი ეროვნ. გამოცდებისათვის მოსამზადებლად - ბიოგრაფიები, ტექსტების ანალიზი, ტესტები, განმარტებები და პასუხები / |
| Statement of responsibility, etc |
მალხაზ ჩოხარაძე ; რედ. : მურმან გორგოშაძე, ქეთევან შოთაძე |
| 264 ## - წარმოების, გამოცემის, დისტრიბუციის და სხვა ცნობები |
| გამოცემის, წარმოების, დისტრიბუციის... ადგილი |
ბათუმი : |
| გამოცემის, წარმოების, დისტრიბუციის... სახელწოდება |
ბათუმის შოთა რუსთაველის სახელმწ. უნ-ტის გამ-ბა, |
| გამოცემის, წარმოების, დისტრიბუციის... თარიღი |
2007. |
| 300 ## - ფიზიკური აღწერა |
| Extent |
109 გვ. ; |
| Dimensions |
20 სმ. |
| 490 ## - სერიის ცნობა |
| Series statement |
შოთა რუსთაველის სახელმწიფო უნივერსიტეტის სასწავლო-საგანმანათლო ცენტრის ბიბლიოთეკა |
| 653 ## - INDEX TERM--UNCONTROLLED |
| Uncontrolled term |
რომანტიზმი ქართულ ლიტერატურაში |
| 653 ## - INDEX TERM--UNCONTROLLED |
| Uncontrolled term |
ქართველი რომანტიკოსები |
| 653 ## - INDEX TERM--UNCONTROLLED |
| Uncontrolled term |
ქართული ლიტერატურის ისტორია და კრიტიკა |
| 653 ## - INDEX TERM--UNCONTROLLED |
| Uncontrolled term |
საქართველო XVII საუკუნის ბოლოს და XIX საუკუნის დასაწყისში |
| 653 ## - INDEX TERM--UNCONTROLLED |
| Uncontrolled term |
ალექსანდრე ჭავჭავაძე |
| 653 ## - INDEX TERM--UNCONTROLLED |
| Uncontrolled term |
გრიგოლ ორბელიანი |
| 653 ## - INDEX TERM--UNCONTROLLED |
| Uncontrolled term |
ნიკოლოზ ბარათაშვილი |
| 653 ## - INDEX TERM--UNCONTROLLED |
| Uncontrolled term |
ქართული ლიტერატურა |
| 700 ## - ADDED ENTRY--PERSONAL NAME |
| Personal name |
გორგოშაძე, მურმან |
| Relator term |
რედაქტორი |
| 9 (RLIN) |
14888 |
| 700 ## - ADDED ENTRY--PERSONAL NAME |
| Personal name |
შოთაძე, ქეთევან |
| Relator term |
რედაქტორი |
| 9 (RLIN) |
14660 |
| 942 ## - ADDED ENTRY ELEMENTS (KOHA) |
| Koha item type |
წიგნი |
| Source of classification or shelving scheme |
|